Leadership is mental how to excel as a project leader

Guardat en:
Dades bibliogràfiques
Autor principal: SOWUNMI II, Dayo
Format: Llibre
Idioma:anglès
Publicat: Sara Garcia 2015
Etiquetes: Afegir etiqueta
Sense etiquetes, Sigues el primer a etiquetar aquest registre!

MARC

LEADER 00000nam a22000007a 4500
008 210414b ||||| |||| 00| 0 eng d
020 |a  978-15171-52895 
100 |a SOWUNMI II, Dayo 
245 |a Leadership is mental  |b how to excel as a project leader  |c Dayo Sowunmi II.  |g vii, 155p.; ill.  
260 |b  Sara Garcia  |c  2015  |h Boston  |i 685752  |l HD69 .So9  |m Project management  |m Leadership.  |m Teams in the workplace. 
500 |a “It includes references” 
942 |a lcc  |c BK  |e ADEKANYE, I. H.  |f 14/04/2021 
952 |0 0  |1 0  |2 lcc  |4 0  |6 HD0069 S O9  |7 0  |9 2128  |a HOL  |b HOL  |c GJ  |d 2021-04-14  |l 0  |o HD69 .So9  |p 2021-5982  |r 2021-04-14 00:00:00  |w 2021-04-14  |y BK 
999 |c 1105  |d 1105